El Programa "hambre cero" en brasil: ¿seguridad alimentaria para los más pobres? /
Sábháilte in:
| Príomhchruthaitheoir: | |
|---|---|
| Formáid: | Téacs |
| Ábhair: | |
| Clibeanna: |
Cuir clib leis
Níl clibeanna ann, Bí ar an gcéad duine le clib a chur leis an taifead seo!
|
MARC
| LEADER | 00000 a a2200000 04500 | ||
|---|---|---|---|
| 001 | 12603 | ||
| 003 | |||
| 040 | |||
| 100 | |a Goncalves, Luiza | ||
| 245 | |a El Programa "hambre cero" en brasil: |b ¿seguridad alimentaria para los más pobres? / |c Luiza Goncalves | ||
| 650 | |a SEGURIDAD ALIMENTARIA | ||
| 650 | |a NECESIDADES ALIMENTARIAS | ||
| 650 | |a PROGRAMAS GUBERNAMENTALES | ||
| 650 | |a PARTICIPACION COMUNITARIA | ||
| 650 | |a PARTICIPACION DEL ESTADO | ||
| 650 | |a EMPRESAS PRIVADAS | ||
| 650 | |a ORGANIZACIONES NO GUBERNAMENTALES | ||
| 650 | |a SUMINISTRO DE ALIMENTOS | ||
| 650 | |a PROYECTOS CONJUNTOS | ||
| 773 | |g volumen 5, número 2 (10); páginas 107-120 | ||
| 999 | |c 19774 |d 19774 | ||
